[Event "III Torneo Cerrado IRT Maspalo"]
[Site "San Bartolomé de Tirajana (Gra"]
[Date "2010.10.15"]
[Round "1"]
[White "Marrero Cardenes, Agustin"]
[Black "Salcedo Izquierdo, Rafael"]
[Result "1-0"]
[WhiteElo "1787"]
[BlackElo "1471"]
[PlyCount "65"]
[EventDate "2010.10.15"]
[EventRounds "11"]
[EventCountry "ESP"]

1. d4 Nf6 2. c4 g6 3. Nc3 Bg7 4. e4 d6 5. Nf3 O-O 6. Be2 Re8 7. O-O b6 8. Ne1
Bb7 9. f3 e6 10. Be3 Kh8 11. Qd2 Ng8 12. f4 f5 13. Bf3 Nd7 14. exf5 Bxf3 15.
Nxf3 exf5 16. d5 Ndf6 17. Nd4 Qd7 18. Ne6 c5 19. h3 a6 20. Qd3 Re7 21. Rab1
Rae8 22. b4 Rxe6 23. dxe6 Rxe6 24. bxc5 bxc5 25. Bf2 h6 26. Rb6 Ne8 27. Bxc5
Bxc3 28. Qxc3+ Kh7 29. Rd1 Qc7 30. Bd4 Ngf6 31. Rdb1 Ng7 32. Bxf6 Rxf6 33. Qxf6
1-0

[Event "III Torneo Cerrado IRT Maspalo"]
[Site "San Bartolomé de Tirajana (Gra"]
[Date "2010.10.15"]
[Round "1"]
[White "Jimenez Mendoza, Jose Miguel"]
[Black "Monteiro Rodrigues, Carlos"]
[Result "1-0"]
[WhiteElo "1717"]
[BlackElo "1665"]
[PlyCount "65"]
[EventDate "2010.10.15"]
[EventRounds "11"]
[EventCountry "ESP"]

1. Nf3 Nf6 2. c4 Nc6 3. Nc3 e5 4. d3 Be7 5. e3 O-O 6. Be2 d5 7. cxd5 Nxd5 8.
O-O Bg4 9. a3 Kh8 10. Qb3 Nb6 11. Qc2 f5 12. d4 e4 13. Ne5 Nxe5 14. dxe5 Bxe2
15. Qxe2 Qe8 16. Nb5 Bd8 17. Bd2 a6 18. Nd4 Qxe5 19. Rac1 c5 20. Nb3 Qxb2 21.
Nxc5 Bf6 22. Rb1 Qa2 23. Rxb6 Rfd8 24. Rd1 Bc3 25. Nb3 Rd3 26. Nc1 Qc2 27. Nxd3
exd3 28. Qe1 Be5 29. Rxb7 Qc6 30. Rdb1 Re8 31. Qc1 Qh6 32. f4 Bf6 33. Rb8 1-0

[Event "III Torneo Cerrado IRT Maspalo"]
[Site "San Bartolomé de Tirajana (Gra"]
[Date "2010.10.15"]
[Round "1"]
[White "Monzon Aleman, Ayoze"]
[Black "Roque Hernandez, Francisco"]
[Result "1-0"]
[WhiteElo "1750"]
[BlackElo "1620"]
[PlyCount "57"]
[EventDate "2010.10.15"]
[EventRounds "11"]
[EventCountry "ESP"]

1. e4 b6 2. d4 Bb7 3. Nc3 e6 4. Nf3 Bb4 5. Bd3 Nf6 6. Qe2 d5 7. e5 Ne4 8. Bd2
Nxc3 9. bxc3 Be7 10. O-O h6 11. Ne1 c5 12. Bb5+ Nd7 13. Qg4 g5 14. f4 h5 15.
Qe2 a6 16. Bxd7+ Kxd7 17. f5 a5 18. Rb1 Ba6 19. Nd3 c4 20. Nf2 g4 21. f6 Ba3
22. Bc1 Bxc1 23. Rfxc1 Rb8 24. Nd1 Qg8 25. Rb2 Kc6 26. Rcb1 Qg5 27. Ne3 b5 28.
a4 Rb6 29. Nxc4 1-0

[Event "III Torneo Cerrado IRT Maspalo"]
[Site "San Bartolomé de Tirajana (Gra"]
[Date "2010.10.15"]
[Round "1"]
[White "Perez Hernandez, Juan Manuel"]
[Black "Aleman Alamo, Nicolas"]
[Result "0-1"]
[WhiteElo "1653"]
[BlackElo "1694"]
[PlyCount "78"]
[EventDate "2010.10.15"]
[EventRounds "11"]
[EventCountry "ESP"]

1. e4 e6 2. Nf3 d5 3. exd5 Qxd5 4. Nc3 Qd8 5. Bb5+ Bd7 6. d3 Nf6 7. Bg5 Bb4 8.
Bxd7+ Nbxd7 9. O-O Bxc3 10. bxc3 O-O 11. d4 c6 12. Ne5 Qc7 13. Nxd7 Nxd7 14.
Qg4 Kh8 15. Qf3 Kg8 16. Bf4 Qd8 17. Rab1 Nb6 18. Qg3 Qd7 19. Bh6 f6 20. Rfe1
Rae8 21. Be3 Nd5 22. Bd2 Rf7 23. c4 Ne7 24. c3 Nf5 25. Qf3 Nd6 26. Qd3 Nf5 27.
c5 e5 28. Qe4 Rfe7 29. g4 Nh4 30. g5 Ng6 31. gxf6 gxf6 32. Be3 f5 33. Qd3 f4
34. Bd2 Qg4+ 35. Kh1 e4 36. Qc4+ Kh8 37. Qf1 Nh4 38. h3 Qf3+ 39. Kh2 Rg8 0-1

[Event "III Torneo Cerrado IRT Maspalo"]
[Site "San Bartolomé de Tirajana (Gra"]
[Date "2010.10.15"]
[Round "1"]
[White "Perez Cardona, Jose Fernando"]
[Black "Morales Hengmith, Chantal"]
[Result "0-1"]
[WhiteElo "1466"]
[BlackElo "1624"]
[PlyCount "126"]
[EventDate "2010.10.15"]
[EventRounds "11"]
[EventCountry "ESP"]

1. d4 Nf6 2. c4 c5 3. d5 b5 4. b3 bxc4 5. bxc4 g6 6. Bb2 Bg7 7. e4 d6 8. Bd3
Nbd7 9. Nf3 O-O 10. O-O Rb8 11. Qc2 Nb6 12. Nbd2 Bd7 13. Rab1 Na4 14. Ba1 Qc7
15. Rxb8 Rxb8 16. Rb1 Rxb1+ 17. Nxb1 Nxd5 18. Bxg7 Nb4 19. Qd2 Kxg7 20. Be2 Qc6
21. a3 Na6 22. Qc2 Qb7 23. Bd3 Qb2 24. Nfd2 Qxc2 25. Bxc2 Nb6 26. Nc3 Nc7 27.
a4 a6 28. a5 Nc8 29. Na4 Na7 30. Nb6 Be6 31. Ba4 f5 32. f3 Kf6 33. Kf2 Bc8 34.
Ke3 e5 35. Nxc8 Nxc8 36. Nb1 Na7 37. Nc3 f4+ 38. Kd3 Ke7 39. g3 g5 40. g4 Ne6
41. Nd5+ Kf7 42. Ke2 Nd4+ 43. Kf2 Nac6 44. Bxc6 Nxc6 45. Nc7 Nxa5 46. Nxa6 Nxc4
47. Nc7 Ne3 48. Nb5 Ke6 49. Ke2 d5 50. exd5+ Kxd5 51. Nc3+ Kd4 52. Nb5+ Kd5 53.
Nc3+ Kc6 54. Kd3 c4+ 55. Ke4 Kd6 56. Nb5+ Kc5 57. Nc3 Kb4 58. Nb1 Nf1 59. h3
Nh2 60. Kxe5 Nxf3+ 61. Ke4 Ng1 62. h4 f3 63. Nd2 c3 0-1

[Event "III Torneo Cerrado IRT Maspalo"]
[Site "San Bartolomé de Tirajana (Gra"]
[Date "2010.10.16"]
[Round "2"]
[White "Salcedo Izquierdo, Rafael"]
[Black "Morales Hengmith, Chantal"]
[Result "0-1"]
[WhiteElo "1471"]
[BlackElo "1624"]
[PlyCount "68"]
[EventDate "2010.10.15"]
[EventRounds "11"]
[EventCountry "ESP"]

1. e4 e5 2. Nf3 Nc6 3. Bb5 d6 4. d4 exd4 5. Nxd4 Bd7 6. O-O Nxd4 7. Bxd7+ Qxd7
8. Qxd4 Nf6 9. Bg5 Be7 10. Re1 Qg4 11. Bxf6 Bxf6 12. Qb4 O-O 13. c3 b6 14. Nd2
Rfe8 15. Qc4 Re7 16. Qc6 Rae8 17. f3 Qg5 18. Nc4 Qc5+ 19. Qxc5 bxc5 20. Rad1 g6
21. Ne3 Bg7 22. Nc4 f5 23. Nd2 Bh6 24. Kf2 Bxd2 25. Rxd2 fxe4 26. Rxe4 Rxe4 27.
fxe4 Rxe4 28. Kf3 Re1 29. Kf4 Kf7 30. Kg5 Re5+ 31. Kf4 Kf6 32. c4 g5+ 33. Kg4
Re4+ 34. Kh5 Rh4# 0-1

[Event "III Torneo Cerrado IRT Maspalo"]
[Site "San Bartolomé de Tirajana (Gra"]
[Date "2010.10.16"]
[Round "2"]
[White "Aleman Alamo, Nicolas"]
[Black "Perez Cardona, Jose Fernando"]
[Result "1-0"]
[WhiteElo "1694"]
[BlackElo "1466"]
[PlyCount "87"]
[EventDate "2010.10.15"]
[EventRounds "11"]
[EventCountry "ESP"]

1. d4 b6 2. c4 g6 3. Nc3 Bg7 4. Nf3 Bb7 5. Bf4 d6 6. e3 Nd7 7. Rc1 e6 8. Be2
Ne7 9. O-O O-O 10. h3 Nf6 11. Re1 c5 12. Nb5 Nc8 13. Qb3 a6 14. Nc3 cxd4 15.
exd4 Nh5 16. Bh2 Nf6 17. Rcd1 Re8 18. d5 exd5 19. cxd5 Ne7 20. Bf4 Rc8 21. Be3
Nd7 22. a4 Nf5 23. Bg5 f6 24. Bf4 Nc5 25. Qa3 g5 26. Bh2 Ba8 27. b4 Ne4 28.
Nxe4 Rxe4 29. Bd3 Rxe1+ 30. Rxe1 Nh6 31. Bxa6 Rc7 32. Qd3 Re7 33. Rxe7 Qxe7 34.
Bb5 Nf7 35. Bc6 Qa7 36. Qc2 Bf8 37. Nd4 Bxc6 38. dxc6 Qc7 39. Nb5 Qc8 40. c7
Qe6 41. g4 Qe1+ 42. Kg2 Qxb4 43. c8=Q Kg7 44. Q8f5 1-0

[Event "III Torneo Cerrado IRT Maspalo"]
[Site "San Bartolomé de Tirajana (Gra"]
[Date "2010.10.16"]
[Round "2"]
[White "Roque Hernandez, Francisco"]
[Black "Gonzalez Garcia, Guillermo W"]
[Result "0-1"]
[WhiteElo "1620"]
[BlackElo "2215"]
[PlyCount "58"]
[EventDate "2010.10.15"]
[EventRounds "11"]
[EventCountry "ESP"]

1. e4 c5 2. Nf3 d6 3. d4 cxd4 4. Nxd4 Nf6 5. Bd3 Nc6 6. Be3 e5 7. Nf5 d5 8. Qf3
Bxf5 9. Qxf5 g6 10. Qf3 Bg7 11. Bg5 Qa5+ 12. c3 dxe4 13. Bxe4 Nd4 14. Qd3 Nxe4
15. O-O Nxg5 16. cxd4 exd4 17. Na3 O-O 18. Nc4 Qd5 19. Rfe1 b5 20. Nd2 Qf5 21.
Qxf5 gxf5 22. Re7 Bf6 23. Rb7 Rfb8 24. Rxb8+ Rxb8 25. Rc1 d3 26. b3 Ne4 27. Nf3
d2 28. Rd1 Rc8 29. Kf1 Rc1 0-1

[Event "III Torneo Cerrado IRT Maspalo"]
[Site "San Bartolomé de Tirajana (Gra"]
[Date "2010.10.16"]
[Round "2"]
[White "Monteiro Rodrigues, Carlos"]
[Black "Monzon Aleman, Ayoze"]
[Result "1-0"]
[WhiteElo "1665"]
[BlackElo "1750"]
[PlyCount "61"]
[EventDate "2010.10.15"]
[EventRounds "11"]
[EventCountry "ESP"]

1. e4 c6 2. d4 d5 3. Nc3 dxe4 4. Nxe4 Nf6 5. Bd3 Qxd4 6. Nf3 Qd8 7. Neg5 e6 8.
O-O Bd6 9. Qe2 O-O 10. Rd1 h6 11. Ne4 Nxe4 12. Bxe4 Qe7 13. Nd4 f5 14. Bd3 Nd7
15. Qxe6+ Qxe6 16. Nxe6 Rf6 17. Bc4 Ne5 18. Rxd6 Nxc4 19. Rd8+ Kf7 20. Nc7 Rb8
21. Bf4 g5 22. Be3 b6 23. Rad1 Nxe3 24. fxe3 f4 25. exf4 Bg4 26. fxg5 Rxd8 27.
Rxd8 hxg5 28. Ra8 Kg6 29. Rg8+ Kh5 30. Ne8 Rg6 31. Rh8+ 1-0

[Event "III Torneo Cerrado IRT Maspalo"]
[Site "San Bartolomé de Tirajana (Gra"]
[Date "2010.10.16"]
[Round "2"]
[White "Marrero Cardenes, Agustin"]
[Black "Jimenez Mendoza, Jose Miguel"]
[Result "1/2-1/2"]
[WhiteElo "1787"]
[BlackElo "1717"]
[PlyCount "39"]
[EventDate "2010.10.15"]
[EventRounds "11"]
[EventCountry "ESP"]

1. d4 d5 2. c4 c6 3. Nc3 Nf6 4. Nf3 e6 5. e3 Be7 6. Bd3 Nbd7 7. O-O O-O 8. Qb3
Qb6 9. Bd2 Re8 10. Rfc1 Bf8 11. cxd5 Qxb3 12. axb3 exd5 13. Na4 Ne4 14. Be1
Ndf6 15. b4 Bd7 16. Ne5 a6 17. Bxe4 dxe4 18. Nxd7 Nxd7 19. Nc5 Nxc5 20. bxc5
1/2-1/2

[Event "III Torneo Cerrado IRT Maspalo"]
[Site "San Bartolomé de Tirajana (Gra"]
[Date "2010.10.16"]
[Round "3"]
[White "Jimenez Mendoza, Jose Miguel"]
[Black "Salcedo Izquierdo, Rafael"]
[Result "1-0"]
[WhiteElo "1717"]
[BlackElo "1471"]
[PlyCount "63"]
[EventDate "2010.10.15"]
[EventRounds "11"]
[EventCountry "ESP"]

1. e4 e6 2. d4 d5 3. exd5 exd5 4. Bd3 Nf6 5. Bg5 Be7 6. Nf3 h6 7. Bh4 Nc6 8. c3
O-O 9. O-O a6 10. Nbd2 Bg4 11. Re1 Re8 12. h3 Bh5 13. Qc2 Nd7 14. Bxe7 Rxe7 15.
g4 Bg6 16. Bxg6 fxg6 17. Qxg6 Nf8 18. Qd3 Qd6 19. Rxe7 Nxe7 20. Ne5 Neg6 21.
Qf5 Qe6 22. Qxe6+ Nxe6 23. Nxg6 Kf7 24. Ne5+ Kf6 25. Re1 Nf4 26. h4 g5 27. h5
Rd8 28. Nf1 Rd6 29. Ng3 b6 30. Nf5 Nxh5 31. Nxd6 cxd6 32. Nd7+ 1-0

[Event "III Torneo Cerrado IRT Maspalo"]
[Site "San Bartolomé de Tirajana (Gra"]
[Date "2010.10.16"]
[Round "3"]
[White "Gonzalez Garcia, Guillermo W"]
[Black "Monteiro Rodrigues, Carlos"]
[Result "1-0"]
[WhiteElo "2215"]
[BlackElo "1665"]
[PlyCount "77"]
[EventDate "2010.10.15"]
[EventRounds "11"]
[EventCountry "ESP"]

1. d4 Nf6 2. Nf3 e6 3. Bg5 Be7 4. Nc3 d5 5. Qd3 Nbd7 6. Bxf6 Bxf6 7. e4 dxe4 8.
Qxe4 c6 9. Bd3 Be7 10. O-O Nf6 11. Qe1 O-O 12. Ne4 h6 13. Rd1 Nd5 14. c4 Bb4
15. Ned2 Nf4 16. Bb1 f5 17. Qe3 Ng6 18. Ne5 Qf6 19. Ndf3 Ne7 20. h4 b6 21. c5
Nd5 22. Qc1 bxc5 23. a3 Ba5 24. Qxc5 Bb6 25. Qxc6 Rb8 26. Nd7 Bxd7 27. Qxd7
Rfd8 28. Qa4 Nf4 29. Rfe1 Qg6 30. g3 Qg4 31. Re3 Nh3+ 32. Kf1 f4 33. Ne5 Qh5
34. Bg6 fxe3 35. Bxh5 Nxf2 36. Bf7+ Kh8 37. Ng6+ Kh7 38. Qc2 e2+ 39. Kxe2 1-0

[Event "III Torneo Cerrado IRT Maspalo"]
[Site "San Bartolomé de Tirajana (Gra"]
[Date "2010.10.16"]
[Round "3"]
[White "Perez Hernandez, Juan Manuel"]
[Black "Roque Hernandez, Francisco"]
[Result "1-0"]
[WhiteElo "1653"]
[BlackElo "1620"]
[PlyCount "57"]
[EventDate "2010.10.15"]
[EventRounds "11"]
[EventCountry "ESP"]

1. e4 b6 2. Nf3 Bb7 3. Nc3 g6 4. Bc4 Bg7 5. Ng5 e6 6. d4 Ne7 7. Qf3 O-O 8. Qh3
h6 9. Nf3 Kh7 10. Bf4 Ng8 11. O-O-O Nc6 12. d5 Na5 13. dxe6 fxe6 14. Ng5+ Kh8
15. Bxe6 Rxf4 16. Nf7+ Rxf7 17. Bxf7 Bxc3 18. Qxc3+ Kh7 19. Bxg8+ Kxg8 20. Qh3
Qg5+ 21. Kb1 d6 22. Qe6+ Kh8 23. h4 Qxg2 24. Rhg1 Qxe4 25. Qf6+ Kh7 26. Qf7+
Kh8 27. Rxg6 Qxc2+ 28. Kxc2 Be4+ 29. Kc1 1-0

[Event "III Torneo Cerrado IRT Maspalo"]
[Site "San Bartolomé de Tirajana (Gra"]
[Date "2010.10.16"]
[Round "3"]
[White "Morales Hengmith, Chantal"]
[Black "Aleman Alamo, Nicolas"]
[Result "1/2-1/2"]
[WhiteElo "1624"]
[BlackElo "1694"]
[PlyCount "80"]
[EventDate "2010.10.15"]
[EventRounds "11"]
[EventCountry "ESP"]

1. e4 e6 2. d4 d5 3. exd5 exd5 4. Bd3 Nf6 5. Bg5 h6 6. Bh4 Be7 7. Nf3 Bg4 8.
Nbd2 O-O 9. h3 Be6 10. O-O Nbd7 11. c3 Nh5 12. Bxe7 Qxe7 13. Re1 Nf4 14. Bc2
Nh5 15. Ne5 Nhf6 16. Ndf3 Rae8 17. Qd3 Qd8 18. Re2 c6 19. Rae1 Ne4 20. Nxd7
Bxd7 21. Ne5 Bf5 22. Qf3 Qc8 23. Bxe4 Bxe4 24. Qg4 Qxg4 25. Nxg4 f6 26. Ne3 Kf7
27. c4 Bd3 28. Rd2 dxc4 29. Rc1 b5 30. b3 Rd8 31. bxc4 bxc4 32. Nxc4 Bxc4 33.
Rxc4 Rd6 34. Ra4 Rd7 35. Rc2 Rc8 36. Rac4 Rdc7 37. d5 c5 38. d6 Rd7 39. Rxc5
Rxc5 40. Rxc5 Ke6 1/2-1/2

[Event "III Torneo Cerrado IRT Maspalo"]
[Site "San Bartolomé de Tirajana (Gra"]
[Date "2010.10.17"]
[Round "4"]
[White "Salcedo Izquierdo, Rafael"]
[Black "Aleman Alamo, Nicolas"]
[Result "0-1"]
[WhiteElo "1471"]
[BlackElo "1694"]
[PlyCount "106"]
[EventDate "2010.10.15"]
[EventRounds "11"]
[EventCountry "ESP"]

1. e4 e6 2. d4 d5 3. e5 c5 4. c3 Nc6 5. Bb5 Bd7 6. Na3 a6 7. Be2 cxd4 8. cxd4
Qb6 9. Nc2 Bb4+ 10. Nxb4 Qxb4+ 11. Qd2 Qxd4 12. Qxd4 Nxd4 13. Bd3 Ne7 14. Be3
Nec6 15. O-O-O O-O 16. Bxh7+ Kxh7 17. Bxd4 Rac8 18. Kb1 Nxd4 19. Rxd4 Rc7 20.
Ne2 Bb5 21. Nc3 Bd7 22. a3 Rfc8 23. f4 g6 24. g4 Rc4 25. Rhd1 Kg7 26. g5 R4c7
27. h4 Rh8 28. Rh1 Rcc8 29. Rh3 Rh7 30. Rd1 Rh5 31. b3 Bc6 32. Ne2 Rch8 33.
Rdh1 d4 34. Ng3 Bxh1 35. Nxh5+ gxh5 36. Rxh1 Kg6 37. Kc2 Kf5 38. Kd3 Rd8 39. b4
Rd7 40. Rg1 Kxf4 41. g6 fxg6 42. Rxg6 Kxe5 43. Rg5+ Kf4 44. Rxh5 e5 45. Rh8 e4+
46. Kd2 d3 47. Re8 Rd5 48. Re7 Rf5 49. Rxb7 Kg4 50. Re7 Rf2+ 51. Ke1 Re2+ 52.
Kd1 Kf3 53. h5 Rh2 0-1

[Event "III Torneo Cerrado IRT Maspalo"]
[Site "San Bartolomé de Tirajana (Gra"]
[Date "2010.10.17"]
[Round "4"]
[White "Roque Hernandez, Francisco"]
[Black "Perez Cardona, Jose Fernando"]
[Result "1/2-1/2"]
[WhiteElo "1620"]
[BlackElo "1466"]
[PlyCount "54"]
[EventDate "2010.10.15"]
[EventRounds "11"]
[EventCountry "ESP"]

1. f4 d5 2. Nf3 Nf6 3. e3 Nc6 4. Bb5 Bd7 5. Bxc6 Bxc6 6. Ne5 Qd6 7. O-O Nd7 8.
Qf3 Nxe5 9. fxe5 Qe6 10. d3 d4 11. e4 f6 12. exf6 exf6 13. Bf4 O-O-O 14. Nd2
Bd6 15. Nb3 Be5 16. Nc5 Qd6 17. b4 b6 18. Qg4+ Bd7 19. Nxd7 Rxd7 20. Bxe5 fxe5
21. Rf7 Rhd8 22. Rxg7 Kb7 23. Rxd7 Rxd7 24. a3 Rf7 25. Rf1 Rxf1+ 26. Kxf1 Qf6+
27. Qf5 Qc6 1/2-1/2

[Event "III Torneo Cerrado IRT Maspalo"]
[Site "San Bartolomé de Tirajana (Gra"]
[Date "2010.10.17"]
[Round "4"]
[White "Monteiro Rodrigues, Carlos"]
[Black "Perez Hernandez, Juan Manuel"]
[Result "0-1"]
[WhiteElo "1665"]
[BlackElo "1653"]
[PlyCount "82"]
[EventDate "2010.10.15"]
[EventRounds "11"]
[EventCountry "ESP"]

1. e4 e5 2. Nf3 d6 3. d4 Bg4 4. dxe5 Bxf3 5. Qxf3 dxe5 6. Bc4 Qd7 7. O-O Nc6 8.
Nc3 Nf6 9. Nd5 Nxd5 10. Bxd5 Nd4 11. Qh5 Bd6 12. c3 g6 13. Qd1 Nc6 14. Bh6
O-O-O 15. b4 f5 16. f3 Ne7 17. Bg7 Nxd5 18. Bxh8 Ne3 19. Qc1 Nxf1 20. Kxf1 Rxh8
21. a4 fxe4 22. Qe3 b6 23. Qxe4 Kb8 24. Kg1 c6 25. Rb1 Rf8 26. Qc4 Rf4 27. Qg8+
Kb7 28. b5 Rxa4 29. bxc6+ Kxc6 30. Qa8+ Qb7 31. Qe8+ Qd7 32. Qa8+ Kc5 33. Rd1
Qc6 34. Qg8 Kb5 35. Qb3+ Ka5 36. Rd5+ Bc5+ 37. Kf1 Qb5+ 38. Qxb5+ Kxb5 39. Rxe5
Ra1+ 40. Ke2 Ra2+ 41. Kd3 Rxg2 0-1

[Event "III Torneo Cerrado IRT Maspalo"]
[Site "San Bartolomé de Tirajana (Gra"]
[Date "2010.10.17"]
[Round "4"]
[White "Marrero Cardenes, Agustin"]
[Black "Gonzalez Garcia, Guillermo W"]
[Result "0-1"]
[WhiteElo "1787"]
[BlackElo "2215"]
[PlyCount "62"]
[EventDate "2010.10.15"]
[EventRounds "11"]
[EventCountry "ESP"]

1. d4 Nf6 2. c4 e6 3. Nc3 Bb4 4. a3 Bxc3+ 5. bxc3 d6 6. Nf3 O-O 7. e3 Qe7 8. a4
c5 9. dxc5 dxc5 10. Ne5 Qc7 11. Nd3 Nc6 12. Be2 Na5 13. Nf4 b6 14. O-O Bb7 15.
f3 Ba6 16. e4 Rfd8 17. Qc2 Bxc4 18. Bxc4 Nxc4 19. Qe2 Na5 20. Be3 e5 21. Nd3 h6
22. Rad1 Qe7 23. Nb2 Qe6 24. c4 Nc6 25. Kh1 Nd4 26. Qd2 Rd7 27. Qc3 Rad8 28.
Rd2 Ne8 29. Rfd1 f5 30. exf5 Qxf5 31. Nd3 Nxf3 0-1

[Event "III Torneo Cerrado IRT Maspalo"]
[Site "San Bartolomé de Tirajana (Gra"]
[Date "2010.10.17"]
[Round "4"]
[White "Jimenez Mendoza, Jose Miguel"]
[Black "Monzon Aleman, Ayoze"]
[Result "1/2-1/2"]
[WhiteElo "1717"]
[BlackElo "1750"]
[PlyCount "35"]
[EventDate "2010.10.15"]
[EventRounds "11"]
[EventCountry "ESP"]

1. e4 c6 2. d4 d5 3. Nd2 dxe4 4. Nxe4 Bf5 5. Ng3 Bg6 6. Nf3 Nd7 7. Bd3 Bxd3 8.
Qxd3 Ngf6 9. O-O e6 10. Ne4 Nxe4 11. Qxe4 Bd6 12. c4 Nf6 13. Qe2 O-O 14. Bg5 h6
15. Bxf6 Qxf6 16. Ne5 Bxe5 17. Qxe5 Qxe5 18. dxe5 1/2-1/2

[Event "III Torneo Cerrado IRT Maspalo"]
[Site "San Bartolomé de Tirajana (Gra"]
[Date "2010.10.22"]
[Round "5"]
[White "Monzon Aleman, Ayoze"]
[Black "Salcedo Izquierdo, Rafael"]
[Result "1-0"]
[WhiteElo "1750"]
[BlackElo "1471"]
[PlyCount "95"]
[EventDate "2010.10.15"]
[EventRounds "11"]
[EventCountry "ESP"]

1. e4 e6 2. d4 d5 3. exd5 exd5 4. Nc3 Nf6 5. Nf3 Nc6 6. Be3 Bb4 7. Bd3 Ne4 8.
Bd2 Nxd2 9. Qxd2 Bg4 10. Be2 O-O 11. O-O-O Qf6 12. Kb1 Rfe8 13. Nxd5 Qxf3 14.
gxf3 Bxd2 15. Rxd2 Rxe2 16. Rxe2 Bxf3 17. Rhe1 Bxe2 18. Rxe2 Nxd4 19. Nxc7 Rc8
20. Re8+ Rxe8 21. Nxe8 Nc6 22. Nd6 b6 23. c3 Kf8 24. Kc2 Ke7 25. Nc4 Ke6 26. b4
g5 27. a4 h5 28. Kd3 f5 29. b5 Nd8 30. a5 bxa5 31. Nxa5 Kd5 32. c4+ Kd6 33. Nb3
Ne6 34. Nd4 Nc5+ 35. Ke2 f4 36. Nc6 a6 37. Na5 axb5 38. cxb5 Kc7 39. Nc4 g4 40.
Kf1 Na4 41. f3 Nc3 42. fxg4 hxg4 43. Ne5 g3 44. h4 Nxb5 45. h5 Nd4 46. h6 Nc2
47. h7 Ne3+ 48. Kg1 1-0

[Event "III Torneo Cerrado IRT Maspalo"]
[Site "San Bartolomé de Tirajana (Gra"]
[Date "2010.10.22"]
[Round "5"]
[White "Gonzalez Garcia, Guillermo W"]
[Black "Jimenez Mendoza, Jose Miguel"]
[Result "1-0"]
[WhiteElo "2215"]
[BlackElo "1717"]
[PlyCount "82"]
[EventDate "2010.10.15"]
[EventRounds "11"]
[EventCountry "ESP"]

1. d4 f5 2. c4 e6 3. Nc3 c6 4. Nf3 d5 5. g3 Nf6 6. Bg2 Bd6 7. Qc2 O-O 8. b3 Qe7
9. O-O b6 10. Bf4 Bxf4 11. gxf4 Nbd7 12. e3 Ne4 13. Ne2 g5 14. fxg5 Nxg5 15.
Nxg5 Qxg5 16. cxd5 cxd5 17. Qc6 Nf6 18. Nf4 Bd7 19. Qd6 Rf7 20. Kh1 Ne8 21. Qe5
Qf6 22. Rac1 Qxe5 23. dxe5 Rc8 24. Bxd5 Rxc1 25. Rxc1 exd5 26. e6 Bxe6 27. Nxe6
Re7 28. Rc6 Kf7 29. Nd8+ Kg7 30. Kg2 Nf6 31. Ne6+ Kf7 32. Ng5+ Kg7 33. h3 h6
34. Ne6+ Kf7 35. Nd4 Kg6 36. h4 Re4 37. h5+ Kf7 38. Nxf5 Re5 39. Rc7+ Kf8 40.
Nxh6 Nxh5 41. Rxa7 Ng7 1-0

[Event "III Torneo Cerrado IRT Maspalo"]
[Site "San Bartolomé de Tirajana (Gra"]
[Date "2010.10.22"]
[Round "5"]
[White "Perez Hernandez, Juan Manuel"]
[Black "Marrero Cardenes, Agustin"]
[Result "0-1"]
[WhiteElo "1653"]
[BlackElo "1787"]
[PlyCount "66"]
[EventDate "2010.10.15"]
[EventRounds "11"]
[EventCountry "ESP"]

1. e4 c6 2. Nf3 d5 3. exd5 cxd5 4. d3 Nc6 5. c3 e5 6. Be2 Nf6 7. Bg5 Be7 8.
Nbd2 h6 9. Bh4 O-O 10. h3 Re8 11. Bg3 Bd6 12. O-O e4 13. Bxd6 exf3 14. Nxf3
Qxd6 15. d4 Bf5 16. Nh4 Bh7 17. Bd3 Bxd3 18. Qxd3 Qf4 19. Nf3 Re7 20. b3 Rae8
21. c4 Re4 22. g3 Qd6 23. Kg2 dxc4 24. bxc4 Nxd4 25. Nd2 R4e6 26. Qc3 Nc6 27.
Rad1 Qe7 28. Nf3 Re4 29. Rfe1 Qc5 30. Rxe4 Rxe4 31. Qb3 Re2 32. Rf1 Ne4 33. Qb5
Rxf2+ 0-1

[Event "III Torneo Cerrado IRT Maspalo"]
[Site "San Bartolomé de Tirajana (Gra"]
[Date "2010.10.22"]
[Round "5"]
[White "Perez Cardona, Jose Fernando"]
[Black "Monteiro Rodrigues, Carlos"]
[Result "0-1"]
[WhiteElo "1466"]
[BlackElo "1665"]
[PlyCount "51"]
[EventDate "2010.10.15"]
[EventRounds "11"]
[EventCountry "ESP"]

1. d4 e5 2. dxe5 Nc6 3. Nf3 d6 4. Bg5 f6 5. exf6 Nxf6 6. e3 Be7 7. Nc3 Be6 8.
Bb5 O-O 9. Bxc6 bxc6 10. Nd4 Bd7 11. O-O Qe8 12. f3 Qg6 13. Bxf6 Bxf6 14. Nde2
Bg5 15. f4 Bh6 16. Rf3 Rae8 17. Rg3 Qf5 18. Nd4 Qc5 19. Qf3 d5 20. Kh1 Bxf4 21.
exf4 Qxd4 22. Rf1 Bf5 23. Rd1 Qf6 24. Qf2 Re7 25. Rd2 Rfe8 26. h3 0-1

[Event "III Torneo Cerrado IRT Maspalo"]
[Site "San Bartolomé de Tirajana (Gra"]
[Date "2010.10.22"]
[Round "5"]
[White "Morales Hengmith, Chantal"]
[Black "Roque Hernandez, Francisco"]
[Result "1/2-1/2"]
[WhiteElo "1624"]
[BlackElo "1620"]
[PlyCount "53"]
[EventDate "2010.10.15"]
[EventRounds "11"]
[EventCountry "ESP"]

1. e4 b6 2. d4 Nc6 3. Nf3 g6 4. Be3 Bg7 5. Bd3 e5 6. c3 d6 7. Qa4 Bd7 8. Qc2
Nge7 9. O-O exd4 10. cxd4 Nb4 11. Qc3 Nxd3 12. Qxd3 Nc6 13. a3 O-O 14. Nc3 f5
15. exf5 Rxf5 16. Ne2 Qf8 17. Ng3 Rxf3 18. gxf3 Qxf3 19. Qe4 Qxe4 20. Nxe4 Nxd4
21. Bxd4 Bxd4 22. Rac1 c5 23. Rfe1 Rf8 24. Re2 Be5 25. Rce1 Bb5 26. Rd2 Rf4 27.
Ng3 1/2-1/2

[Event "III Torneo Cerrado IRT Maspalo"]
[Site "San Bartolomé de Tirajana (Gra"]
[Date "2010.10.23"]
[Round "6"]
[White "Roque Hernandez, Francisco"]
[Black "Aleman Alamo, Nicolas"]
[Result "0-1"]
[WhiteElo "1620"]
[BlackElo "1694"]
[PlyCount "98"]
[EventDate "2010.10.15"]
[EventRounds "11"]
[EventCountry "ESP"]

1. c4 Nf6 2. Nc3 e6 3. Nf3 b6 4. g3 Bb7 5. Bg2 d6 6. O-O Be7 7. Qc2 c5 8. Re1
O-O 9. d4 Nbd7 10. e4 cxd4 11. Nxd4 Ne5 12. b3 a6 13. Ba3 Qc7 14. f4 Nc6 15.
Nf3 e5 16. f5 Rfe8 17. Nd5 Qd8 18. Rad1 Bf8 19. Kh1 Rc8 20. Rd2 Nxd5 21. exd5
Qf6 22. Rde2 Nb8 23. Qe4 Nd7 24. g4 h6 25. h4 g5 26. hxg5 hxg5 27. Bh3 Qh6 28.
Rh2 f6 29. Kg2 Be7 30. Kg3 Qg7 31. Reh1 Kf7 32. Bf1 Rh8 33. Rh5 Rxh5 34. gxh5
Rh8 35. Qg4 Bf8 36. Qh3 Rh6 37. Kg4 Bc8 38. Nd2 Be7 39. Ne4 Qf8 40. Be2 Nc5 41.
Bxc5 bxc5 42. Qc3 Bd7 43. Qa5 Qc8 44. Qb6 Bxf5+ 45. Kf3 Bxe4+ 46. Kxe4 f5+ 47.
Ke3 g4 48. a3 Bg5+ 49. Kf2 f4 0-1

[Event "III Torneo Cerrado IRT Maspalo"]
[Site "San Bartolomé de Tirajana (Gra"]
[Date "2010.10.23"]
[Round "6"]
[White "Monteiro Rodrigues, Carlos"]
[Black "Morales Hengmith, Chantal"]
[Result "1-0"]
[WhiteElo "1665"]
[BlackElo "1624"]
[PlyCount "53"]
[EventDate "2010.10.15"]
[EventRounds "11"]
[EventCountry "ESP"]

1. e4 e5 2. Nf3 Nc6 3. Bc4 Bc5 4. b4 Bxb4 5. c3 Ba5 6. d4 exd4 7. O-O d6 8. Qb3
Qe7 9. e5 dxe5 10. Ba3 Qf6 11. Nbd2 Qg6 12. cxd4 Bxd2 13. Nxd2 Nxd4 14. Qb4 Ne6
15. Bxe6 Qxe6 16. Qf8+ Kd7 17. Ne4 b6 18. Rac1 Qg6 19. Rfd1+ Ke6 20. Qe8+ Kf5
21. Rc6 f6 22. Ng3+ Kg5 23. Bc1+ Kh4 24. Rc4+ Bg4 25. Qa4 f5 26. Qb3 f4 27. Ne4
1-0